| 000 | 01246nam a22002295i 4500 | ||
|---|---|---|---|
| 001 | 162203 | ||
| 003 | ES-MaACL | ||
| 005 | 20240328063537.0 | ||
| 008 | 990120m18681869sp a |||| | spa d | ||
| 040 |
_aCCPB | B _bspa _cCCPB | B |
||
| 100 | 1 |
_aPirala, Antonio, _d1824-1903 _992337 |
|
| 245 | 1 | 0 |
_aHistoria de la Guerra Civil, y de los partidos liberal y carlista / _cpor Antonio Pirala. |
| 250 | _a2ª ed. refundida y aum. con la historia de la regencia de Espartero. | ||
| 260 |
_aMadrid : _b[s.n.], _c1868-1869 ( _fImprenta de los Señores F. de P. Mellado y Cª) |
||
| 300 |
_a6 v. : _blám. ; _c25 cm. |
||
| 595 | _aExiste una ed. idéntica a ésta, cuyo vol. VI está fechado en 1870. | ||
| 596 | _aEl pie de imprenta varía: Vol. 3-4: Imprenta a cargo de Dionisio Chaulié; Vol. 5: Imprenta y Librería Universal de los señores Crespo Martín y Compa.; Vol. 6: Imprenta de la Sociedad Española de Crédito Comercial. | ||
| 597 | _aVol. I ( XVIII, 668 p., [5] f. de lám.) -- Vol. II ( 640 p.) -- Vol. III ( 698) -- Vol. IV (740 p.) -- Vol. V ( 680 p.) -- Vol. VI ( 709 p.) | ||
| 651 | 4 |
_aEspaña- _xHistoria- _y1833-1840, Guerra carlista _98250 |
|
| 852 |
_aES-MaACL _jC-114-19 _z-- Enc. hol. |
||
| 999 |
_c162203 _d162203 |
||